zane słowa slangu - Statystyki

Ogólne statystyki
  • Ten quiz został rozwiązany 69 razy
  • Średni wynik to 4 z 18
Statystyki odpowiedzi
język słowa % Poprawnych
internet :)
100%
internet >:)
100%
internet XD
55%
angielski lol
48%
internet :D
32%
szkolny polak
16%
szkolny matma
11%
angielski ok
11%
polski elo
7%
szkolny anglik
5%
internet :3
4%
polski dzban
4%
internet >:3
4%
szkolny infa
4%
internetowy <3
4%
szkolny niemiec
2%
polski siema
2%
internet troll
0%
Nie znaleziono quizów pasujących do podanych kryteriów
Rozkład punktacji
Procent ludzi z każdym wynikiem
Percentyl według liczby udzielonych odpowiedzi
Twoja historia wyników
Nie rozwiązałeś tego quizu